Curs d'informació alimentària al consumidor per al personal d'establiments alimentaris detallistes de la restauració
Publicado:
Barcelona :
Diputació de Barcelona, Àrea d'Atenció a les Persones, Servei de Salut Pública ,
2016
Descripción Física:
49 pàgines : 30 cm
Idioma:
Catalán
MARC
| LEADER | 00000nam a22000007a 4500 | ||
|---|---|---|---|
| 001 | 25554 | ||
| 003 | Arxiu | ||
| 005 | 20260324181110.0 | ||
| 008 | 220518b spa||||| |||| 00| 0 cat d | ||
| 017 | |a DL B 19028-2016 | ||
| 080 | |a FU-69-38 | ||
| 245 | |a Curs d'informació alimentària al consumidor per al personal d'establiments alimentaris detallistes de la restauració | ||
| 260 | |a Barcelona : |b Diputació de Barcelona, Àrea d'Atenció a les Persones, Servei de Salut Pública, |c setembre de 2016 | ||
| 300 | |a 49 pàgines : |c 30 cm | ||
| 650 | 0 | |9 52971 |a Alimentació |x Control sanitari | |
| 650 | 0 | |9 44998 |a Al·lèrgia alimentària | |
| 655 | 0 | |9 52956 |a Manuals, vademècums, etc. | |
| 710 | |9 52202 |a Barcelona (Catalunya : Província). |b Servei de Salut Pública | ||
| 942 | |2 udc |n 1 |c ARXIU | ||
| 952 | |0 0 |1 0 |4 0 |6 FU6938 |7 1 |9 61772 |a Arxiu |b Arxiu |d 2022-05-18 |l 0 |o FU-69-38 |p 25554 |r 2022-05-18 00:00:00 |w 2022-05-18 |y ARXIU | ||
| 999 | |c 81627 |d 81627 | ||